Heat and mass transfer (Record no. 5861)

000 -LEADER
fixed length control field 00529nam a2200205 4500
001 - CONTROL NUMBER
control field 5861
003 - CONTROL NUMBER IDENTIFIER
control field BD-DhUET
008 - FIXED-LENGTH DATA ELEMENTS--GENERAL INFORMATION
fixed length control field 700409m19679999is a b 000 0 eng
040 ## - CATALOGING SOURCE
Original cataloging agency DLC
Transcribing agency DLC
Modifying agency BD-DhUET
082 00 - DEWEY DECIMAL CLASSIFICATION NUMBER
Classification number 621.011
Item number ECK/1959
100 ## - MAIN ENTRY--PERSONAL NAME
Personal name Eckert, R. R. G.
245 00 - TITLE STATEMENT
Title Heat and mass transfer
250 ## - EDITION STATEMENT
Edition statement 2nd ed.
260 ## - PUBLICATION, DISTRIBUTION, ETC. (IMPRINT)
Place of publication, distribution, etc. New York
Name of publisher, distributor, etc. McGraw-Hill
Date of publication, distribution, etc. 1959
300 ## - PHYSICAL DESCRIPTION
Extent xiv, 530p.
490 1# - SERIES STATEMENT
Series statement McGraw-Hill series in mechanical engineering
650 #0 - SUBJECT ADDED ENTRY--TOPICAL TERM
Topical term or geographic name as entry element Heat-Transmission
700 ## - ADDED ENTRY--PERSONAL NAME
Personal name Drake, Robert M.
942 ## - ADDED ENTRY ELEMENTS (KOHA)
Koha item type General Book
Holdings
Not for loan Date acquired Source of classification or shelving scheme Damaged status Koha normalized classification for sorting Price effective from Koha full call number Sublocation or collection (holding branch) Lost status Koha issues (times borrowed) Koha date last borrowed Koha date last seen Withdrawn status Piece designation (barcode) Shelving location Koha item type Location (home branch) Copy number
 2014-11-29  621_011000000000000_ECK_19592014-11-29621.011/ECK/1959Central Library, BUET   2014-11-29 36668Circulation sectionGeneral BookCentral Library, BUET 
 2014-12-03  621_000000000000000_011ECK19592014-12-03621.011/ECK/1959Central Library, BUET   2014-12-03 14884Circulation sectionGeneral BookCentral Library, BUET2
 2015-04-12  621_011000000000000_ECK_19592015-04-12621.011/ECK/1959Central Library, BUET   2015-04-12 11302Circulation sectionGeneral BookCentral Library, BUET3
 2015-04-12  621_011000000000000_ECK_19592015-04-12621.011/ECK/1959Central Library, BUET   2015-04-12 31276Circulation sectionGeneral BookCentral Library, BUET4
 2015-04-12  621_011000000000000_ECK_19592015-04-12621.011/ECK/1959Central Library, BUET   2015-04-12 31274Circulation sectionGeneral BookCentral Library, BUET5
 2015-04-12  621_011000000000000_ECK_19592015-04-12621.011/ECK/1959Central Library, BUET   2015-04-12 31271Circulation sectionGeneral BookCentral Library, BUET6
 2015-04-12  621_011000000000000_ECK_19592015-04-12621.011/ECK/1959Central Library, BUET   2015-04-12 31272Circulation sectionGeneral BookCentral Library, BUET7
 2015-04-13  621_011000000000000_ECK_19592015-04-13621.011/ECK/1959Central Library, BUET 12020-03-022021-11-28 31277Circulation sectionGeneral BookCentral Library, BUET8
 2015-04-13  621_011000000000000_ECK_19592015-04-13621.011/ECK/1959Central Library, BUET   2015-04-13 11301Circulation sectionGeneral BookCentral Library, BUET9
 2015-04-13  621_011000000000000_ECK_19592015-04-13621.011/ECK/1959Central Library, BUET   2015-04-13 11303Circulation sectionGeneral BookCentral Library, BUET10
 2015-04-13  621_011000000000000_ECK_19592015-04-13621.011/ECK/1959Central Library, BUET   2015-04-13 24625Circulation sectionGeneral BookCentral Library, BUET11
 2015-04-13  621_011000000000000_ECK_19592015-04-13621.011/ECK/1959Central Library, BUET   2015-04-13 7652Circulation sectionGeneral BookCentral Library, BUET12
 2015-04-13  621_011000000000000_ECK_19592015-04-13621.011/ECK/1959Central Library, BUET   2015-04-13 24320Circulation sectionGeneral BookCentral Library, BUET13
 2015-04-13  621_011000000000000_ECK_19592015-04-13621.011/ECK/1959Central Library, BUET   2015-04-13 24976Circulation sectionGeneral BookCentral Library, BUET14
 2015-04-13  621_011000000000000_ECK_19592015-04-13621.011/ECK/1959Central Library, BUET   2015-04-13 31275Circulation sectionGeneral BookCentral Library, BUET15
 2015-06-16  621_011000000000000_ECK_19592015-06-16621.011/ECK/1959Central Library, BUET   2015-06-16 7655Reading sectionGeneral BookCentral Library, BUET16